[Event "CYCC U12"]
[Site "Calgary CAN"]
[Date "2023.07.21"]
[Round "6.124"]
[White "Ma, Nicholas"]
[Black "Lu, Aiden"]
[Result "0-1"]
[WhiteElo "909"]
[BlackElo "1561"]
[PlyCount "66"]
[EventDate "2023.07.19"]
[EventType "swiss"]
[EventRounds "7"]
[EventCountry "CAN"]

1. e4 e5 2. Nf3 Nc6 3. Bc4 Bc5 4. c3 Nf6 5. d3 d6 6. h3 a6 7. a3 Bd7 8. Be3
Bxe3 9. fxe3 Be6 10. Bxe6 fxe6 11. Nbd2 Qd7 12. d4 exd4 13. exd4 e5 14. O-O
O-O-O 15. b4 Rde8 16. d5 Ne7 17. c4 Ng6 18. a4 Qe7 19. b5 a5 20. Qb3 b6 21.
Rfe1 Nh5 22. Qe3 h6 23. Qe2 Ngf4 24. Qf1 g5 25. Nh2 Ref8 26. Qf3 Qg7 27. Qg4+
Kd8 28. Ndf3 Nf6 29. Qf5 Nd7 30. Qg4 Rhg8 31. Rad1 h5 32. Qg3 Nc5 33. Re3 Nxa4
0-1

[Event "CYCC U12"]
[Site "Calgary CAN"]
[Date "2023.07.22"]
[Round "7.128"]
[White "Wen, Justin"]
[Black "Sun, Kaiqi"]
[Result "1-0"]
[WhiteElo "1482"]
[BlackElo "856"]
[PlyCount "93"]
[EventDate "2023.07.19"]
[EventType "swiss"]
[EventRounds "7"]
[EventCountry "CAN"]

1. d4 d5 2. Bf4 Nc6 3. Nc3 f6 4. Nf3 a6 5. e3 Bf5 6. Nh4 Be4 7. Nxe4 dxe4 8.
Qh5+ g6 9. Nxg6 hxg6 10. Qxh8 Nb4 11. Qxg8 Nxc2+ 12. Kd2 Nxa1 13. Bc4 c5 14.
Bh6 Qa5+ 15. Ke2 Rd8 16. Qf7+ Kd7 17. Bxf8 cxd4 18. Qe6+ Kc7 19. Rc1 dxe3 20.
Qxe7+ Kb8 21. Qb4 Qh5+ 22. Kxe3 Qg5+ 23. Kxe4 f5+ 24. Ke5 Qxc1 25. Bd6+ Ka7 26.
Qc5+ Ka8 27. Qb6 Rxd6 28. Qxd6 Qxc4 29. Qxg6 Qe4+ 30. Kf6 Qc6+ 31. Kxf5 Qc2+
32. Kg5 Qxf2 33. Qe4 Qxb2 34. h4 Qxa2 35. h5 Ka7 36. h6 Qg8+ 37. Qg6 Qd5+ 38.
Kf6 b5 39. h7 b4 40. Qg7+ Kb6 41. h8=Q Qd6+ 42. Kf7 Qd5+ 43. Kg6 Qe4+ 44. Kh5
Qe2+ 45. Kh6 Qe3+ 46. Kh7 Qe4+ 47. Qg6+ 1-0

[Event "CYCC U12"]
[Site "Calgary CAN"]
[Date "2023.07.22"]
[Round "7.129"]
[White "Zhang, Ryan"]
[Black "Dunikov, Glib"]
[Result "0-1"]
[WhiteElo "948"]
[BlackElo "1458"]
[PlyCount "70"]
[EventDate "2023.07.19"]
[EventType "swiss"]
[EventRounds "7"]
[EventCountry "CAN"]

1. d4 d5 2. c4 c6 3. Nc3 Nf6 4. Bg5 Bf5 5. Nf3 e6 6. cxd5 exd5 7. e3 Be7 8. Be2
O-O 9. O-O Ne4 10. Nxe4 Bxe4 11. Bxe7 Qxe7 12. Nd2 Bf5 13. Rc1 Nd7 14. Bg4 Qe6
15. Bxf5 Qxf5 16. Qc2 Qh5 17. Qd1 Qh6 18. h3 f5 19. Qb3 Rab8 20. Qd3 Rf6 21. f4
Rbf8 22. Nf3 Rg6 23. Kh1 Nf6 24. Nd2 Ne4 25. Nxe4 fxe4 26. Qe2 Rf5 27. Qf2 Rg4
28. Rc2 Rh4 29. Rfc1 g5 30. fxg5 Qxg5 31. Qe1 Rh6 32. Rf2 Rxf2 33. Qxf2 Rf6 34.
Qe2 Kg7 35. Kg1 Rf3 0-1

[Event "CYCC U12"]
[Site "Calgary CAN"]
[Date "2023.07.22"]
[Round "7.131"]
[White "Chan, Bryan"]
[Black "Nguyen, Aiden"]
[Result "1/2-1/2"]
[WhiteElo "1304"]
[BlackElo "626"]
[PlyCount "73"]
[EventDate "2023.07.19"]
[EventType "swiss"]
[EventRounds "7"]
[EventCountry "CAN"]

1. e4 e5 2. Nf3 Nc6 3. Bc4 Nf6 4. Nc3 Nxe4 5. Nxe4 d5 6. Bxd5 Qxd5 7. Nc3 Qd8
8. h3 Bb4 9. O-O O-O 10. d3 h6 11. Bd2 Bf5 12. a3 Ba5 13. b4 Bb6 14. Na4 Qd6
15. Nxb6 axb6 16. b5 Ne7 17. Bb4 Qf6 18. Nxe5 Qg5 19. Nf3 Qf6 20. Re1 Rfe8 21.
Bxe7 Rxe7 22. Rxe7 Qxe7 23. Qe1 Qc5 24. Qd2 Qxb5 25. Qf4 Qc5 26. Ne5 Bg6 27. d4
Qc3 28. Rd1 Qxc2 29. Rc1 Qe4 30. Qxe4 Bxe4 31. Rxc7 Bd5 32. Rd7 Ra5 33. f3 f6
34. Ng6 Kh7 35. Nf8+ Kh8 36. Ng6+ Kh7 37. Nf8+ 1/2-1/2

[Event "CYCC U12"]
[Site "Calgary CAN"]
[Date "2023.07.22"]
[Round "7.133"]
[White "Li, Jake"]
[Black "Yuan, Jaydon"]
[Result "0-1"]
[WhiteElo "1068"]
[BlackElo "578"]
[PlyCount "90"]
[EventDate "2023.07.19"]
[EventType "swiss"]
[EventRounds "7"]
[EventCountry "CAN"]

1. e4 e5 2. f4 exf4 3. Nf3 Nc6 4. Bc4 d6 5. O-O Be6 6. Be2 d5 7. exd5 Bxd5 8.
Nc3 Bxf3 9. Bxf3 Bc5+ 10. Kh1 Nf6 11. d3 Be3 12. Re1 O-O 13. Bxe3 fxe3 14. Rxe3
Nd4 15. Bxb7 Rb8 16. Bf3 Rxb2 17. Rc1 Ne6 18. Ne4 Nxe4 19. Bxe4 Qd4 20. Bxh7+
Kxh7 21. Rh3+ Kg8 22. Qh5 f6 23. Qh7+ Kf7 24. Qh5+ Ke7 25. Re1 Qf2 26. Rhe3 Rb6
27. Qc5+ Kf7 28. Qh5+ Ke7 29. Qc5+ Kd7 30. Qd5+ Rd6 31. Qb5+ Ke7 32. Qc5 Kd8
33. Qxa7 Re8 34. Qb8+ Kd7 35. Qb5+ Ke7 36. R3e2 Qb6 37. c4 Qxb5 38. cxb5 Kf7
39. Re3 Rd5 40. a4 Rd4 41. a5 Rb4 42. d4 Rxb5 43. a6 c6 44. Rc3 Nxd4 45. Rxe8
Rb1+ 0-1

[Event "CYCC U12"]
[Site "Calgary CAN"]
[Date "2023.07.22"]
[Round "7.136"]
[White "Mu, Vincent"]
[Black "Zhang, Felix"]
[Result "1/2-1/2"]
[WhiteElo "932"]
[BlackElo "1410"]
[PlyCount "69"]
[EventDate "2023.07.19"]
[EventType "swiss"]
[EventRounds "7"]
[EventCountry "CAN"]

1. e4 d5 2. exd5 Nf6 3. Nc3 Nxd5 4. Bc4 Nxc3 5. bxc3 Bf5 6. Rb1 Be4 7. Nf3 e6
8. d3 Bc6 9. O-O Bc5 10. Ne5 Bd5 11. Bb5+ c6 12. Bc4 Bb6 13. Kh1 O-O 14. Bxd5
cxd5 15. Ba3 Re8 16. Qh5 Qf6 17. f4 Nc6 18. d4 Red8 19. Rf3 Nxe5 20. fxe5 Qg6
21. Qxg6 hxg6 22. Rbf1 Rd7 23. Rh3 Bd8 24. Rhf3 Rc8 25. Bc5 b6 26. Bd6 Bc7 27.
Ba3 Bd8 28. Bd6 f6 29. g3 f5 30. h3 Be7 31. Bxe7 Rxe7 32. Rb1 Rec7 33. Rb3 Rc4
34. Kg2 Ra4 35. a3 1/2-1/2

[Event "CYCC U12"]
[Site "Calgary CAN"]
[Date "2023.07.22"]
[Round "7.137"]
[White "Nguyen, Leo"]
[Black "Susarla, Mayukh"]
[Result "1-0"]
[WhiteElo "1174"]
[BlackElo "926"]
[PlyCount "86"]
[EventDate "2023.07.19"]
[EventType "swiss"]
[EventRounds "7"]
[EventCountry "CAN"]

1. d4 d5 2. c4 e6 3. Nc3 Nf6 4. Nf3 c5 5. cxd5 Nxd5 6. e4 Nxc3 7. bxc3 cxd4 8.
cxd4 Qa5+ 9. Bd2 Bb4 10. a3 Bxd2+ 11. Qxd2 Qxd2+ 12. Nxd2 O-O 13. Bd3 Nc6 14.
Nf3 Nxd4 15. Nxd4 Rd8 16. Nxe6 Rxd3 17. Nf4 Rd8 18. O-O b6 19. Rac1 Ba6 20.
Rfe1 g5 21. Nd5 Bb7 22. Nf6+ Kg7 23. e5 Rac8 24. h3 Bd5 25. Rxc8 Rxc8 26. Nxd5
Rc5 27. Nf6 Ra5 28. Re3 Rc5 29. Kh2 a5 30. Nd7 Rc6 31. Rb3 Rc7 32. Nxb6 Rb7 33.
Rb2 Re7 34. Nc4 Rc7 35. Nxa5 Rc5 36. Nb7 Rxe5 37. a4 Re6 38. a5 Ra6 39. Rb5 h6
40. Kg3 Kf8 41. Nc5 Ra7 42. a6 Ke8 43. Rb7 Ra8 1-0

[Event "CYCC U12"]
[Site "Calgary CAN"]
[Date "2023.07.22"]
[Round "7.138"]
[White "Harrington, Luka"]
[Black "Buitelaar, Jake"]
[Result "1-0"]
[WhiteElo "1136"]
[BlackElo "910"]
[PlyCount "115"]
[EventDate "2023.07.19"]
[EventType "swiss"]
[EventRounds "7"]
[EventCountry "CAN"]

1. e4 c5 2. Be2 Nc6 3. d3 e5 4. Nf3 Nf6 5. Be3 b6 6. Nbd2 d5 7. O-O h6 8. exd5
Nxd5 9. Nc4 Bd6 10. c3 Qc7 11. d4 e4 12. Nxd6+ Qxd6 13. dxc5 bxc5 14. Ne1 O-O
15. c4 Qg6 16. cxd5 Rd8 17. Bb5 Nb4 18. Bc4 Bb7 19. Nc2 Bxd5 20. Qe2 Nxc2 21.
Qxc2 Rac8 22. Rad1 Bc6 23. Rxd8+ Rxd8 24. Rd1 Rc8 25. Bd5 Re8 26. Bxc6 Qxc6 27.
Qxc5 Qa4 28. Ra1 Rd8 29. h3 a5 30. Qa3 Qb5 31. Rc1 Rd5 32. Qb3 Qxb3 33. axb3
Rb5 34. Rc3 f5 35. Kh2 Kf7 36. Kg3 g5 37. Rc7+ Kg6 38. Rc6+ Kh5 39. Bc1 Rxb3+
40. Rc3 f4+ 41. Kh2 Rxc3 42. bxc3 Kg6 43. g3 fxg3+ 44. Kxg3 h5 45. c4 h4+ 46.
Kg4 Kf6 47. Bxg5+ Ke5 48. Bxh4 Kd4 49. Kf4 a4 50. Bf6+ Kxc4 51. Kxe4 a3 52. h4
Kc5 53. h5 Kd6 54. h6 Ke6 55. h7 Kxf6 56. h8=Q+ Kf7 57. f4 a2 58. f5 1-0

[Event "CYCC U12"]
[Site "Calgary CAN"]
[Date "2023.07.22"]
[Round "7.139"]
[White "Zhang, Nathan"]
[Black "Lee, Michael"]
[Result "1-0"]
[WhiteElo "894"]
[BlackElo "1092"]
[PlyCount "55"]
[EventDate "2023.07.19"]
[EventType "swiss"]
[EventRounds "7"]
[EventCountry "CAN"]

1. e4 e5 2. Nf3 Nc6 3. Bc4 Be7 4. O-O Nf6 5. d3 O-O 6. b3 d6 7. Bd2 Bg4 8. Qe2
Nd4 9. Qd1 Nxf3+ 10. gxf3 Bh3 11. Re1 Nh5 12. Kh1 Bg5 13. f4 Nxf4 14. Bxf4 Bxf4
15. Rg1 Kh8 16. Qh5 Be6 17. Bxe6 fxe6 18. Nc3 Bh6 19. Rg2 Rf4 20. Rag1 Rh4 21.
Qf7 Rf4 22. Qxe6 Qh4 23. Rf1 Raf8 24. Nd5 Rxf2 25. Rfxf2 Rxf2 26. Rxf2 Qxf2 27.
Qe8+ Qf8 28. Qxf8# 1-0

[Event "CYCC U12"]
[Site "Calgary CAN"]
[Date "2023.07.22"]
[Round "7.140"]
[White "Li, Morgan"]
[Black "Yee, Matthew"]
[Result "1/2-1/2"]
[WhiteElo "996"]
[BlackElo "843"]
[PlyCount "64"]
[EventDate "2023.07.19"]
[EventType "swiss"]
[EventRounds "7"]
[EventCountry "CAN"]

1. e4 e5 2. Nf3 Nc6 3. d4 exd4 4. Bc4 h6 5. Nxd4 Bc5 6. Be3 Bb6 7. O-O Nge7 8.
c3 d6 9. f4 d5 10. exd5 Nxd5 11. Qf3 Nce7 12. Re1 g6 13. Na3 c6 14. Nac2 Bd7
15. Rad1 Qc7 16. Bxd5 cxd5 17. Bf2 Bc6 18. f5 O-O-O 19. Bg3 Qd7 20. Be5 Rhg8
21. Bf6 Rde8 22. Bxe7 Rxe7 23. f6 Ree8 24. Kf1 Bb5+ 25. Kg1 Bc6 26. Kh1 Bc7 27.
Nxc6 bxc6 28. Qf2 Bb6 29. Qd2 h5 30. Rf1 Bc7 31. c4 Qd6 32. g3 Rd8 1/2-1/2

[Event "CYCC U12"]
[Site "Calgary CAN"]
[Date "2023.07.22"]
[Round "7.141"]
[White "Vong, Nathan"]
[Black "Zhang, Walter"]
[Result "0-1"]
[WhiteElo "722"]
[BlackElo "952"]
[PlyCount "74"]
[EventDate "2023.07.19"]
[EventType "swiss"]
[EventRounds "7"]
[EventCountry "CAN"]

1. e4 e6 2. d4 d5 3. e5 c5 4. Nc3 Nc6 5. Bb5 Qb6 6. Nf3 a6 7. Bxc6+ bxc6 8. O-O
Nh6 9. h3 Nf5 10. dxc5 Bxc5 11. Na4 Qa7 12. Nxc5 Qxc5 13. c3 O-O 14. Nd4 Ne7
15. Qg4 Ng6 16. Be3 Qc4 17. Qh5 Bd7 18. Rfe1 Rab8 19. b3 Qxc3 20. Rac1 Qb4 21.
Red1 Rbc8 22. Nf3 c5 23. Ng5 h6 24. Bd2 Qh4 25. Qxh4 Nxh4 26. Nf3 Nxf3+ 27.
gxf3 Rc7 28. Ba5 Rc6 29. Kf1 Rfc8 30. Ke2 c4 31. bxc4 Rxc4 32. Ke3 Rxc1 33.
Rxc1 Rxc1 34. a3 Rh1 35. Kd4 Rxh3 36. f4 Rxa3 37. Bd2 h5 0-1

[Event "CYCC U12"]
[Site "Calgary CAN"]
[Date "2023.07.22"]
[Round "7.142"]
[White "Xu, Michael"]
[Black "Zhou, Ansun"]
[Result "1/2-1/2"]
[WhiteElo "828"]
[BlackElo "936"]
[PlyCount "52"]
[EventDate "2023.07.19"]
[EventType "swiss"]
[EventRounds "7"]
[EventCountry "CAN"]

1. e4 c5 2. Nc3 g6 3. f4 e6 4. Nf3 Bg7 5. Bc4 a6 6. a4 Ne7 7. O-O O-O 8. d3 b6
9. Qe1 Bb7 10. Qh4 d5 11. Ba2 d4 12. Ne2 Nec6 13. Qh3 Nb4 14. Ng5 h6 15. Nxe6
fxe6 16. Bxe6+ Kh8 17. f5 g5 18. e5 Nd7 19. f6 Nxe5 20. fxg7+ Kxg7 21. Rxf8
Qxf8 22. c3 Nbxd3 23. Qg3 Qf6 24. cxd4 cxd4 25. Nxd4 Rf8 26. Nf5+ Kg6 1/2-1/2

[Event "CYCC U12"]
[Site "Calgary CAN"]
[Date "2023.07.22"]
[Round "7.143"]
[White "Chung, Noah"]
[Black "Zheng, Jeffrey"]
[Result "1-0"]
[WhiteElo "1272"]
[BlackElo "630"]
[PlyCount "121"]
[EventDate "2023.07.19"]
[EventType "swiss"]
[EventRounds "7"]
[EventCountry "CAN"]

1. e4 e5 2. Nf3 Nc6 3. Bc4 Bc5 4. c3 Nf6 5. d3 d6 6. Bg5 h6 7. Bh4 Qe7 8. b4
Bb6 9. Nbd2 a5 10. b5 Nd8 11. h3 Be6 12. O-O Qd7 13. Bxf6 gxf6 14. Bxe6 Nxe6
15. Nh2 Qxb5 16. Qf3 Nf4 17. Nc4 Rg8 18. Ng4 O-O-O 19. Rab1 Qc6 20. Nxb6+ cxb6
21. Kh1 Rg6 22. Rg1 Rdg8 23. Ne3 Nxd3 24. Nd5 Nf4 25. Ne7+ Kb8 26. Nxc6+ bxc6
27. Rxb6+ Kc7 28. Ra6 Nxg2 29. Rxg2 Rxg2 30. Qxg2 Rxg2 31. Kxg2 Kb7 32. Rxa5
Kb6 33. Ra4 d5 34. exd5 cxd5 35. Kf3 Kb5 36. Rh4 e4+ 37. Rxe4 dxe4+ 38. Kxe4
Kc4 39. a4 Kc5 40. Kf5 Kb6 41. c4 Ka5 42. c5 Ka6 43. Kxf6 Kb7 44. a5 Ka6 45. c6
Ka7 46. Kxf7 h5 47. Kg6 h4 48. f4 Kb8 49. a6 Kc7 50. a7 Kxc6 51. a8=Q+ Kc5 52.
Kf5 Kd4 53. Qa5 Kc4 54. Ke5 Kd3 55. Qb4 Ke2 56. Qc3 Kf2 57. Ke4 Ke2 58. Qd3+
Ke1 59. Qc2 Kf1 60. Kf3 Kg1 61. Qg2# 1-0

[Event "CYCC U12"]
[Site "Calgary CAN"]
[Date "2023.07.22"]
[Round "7.149"]
[White "Gupta, Dhruv"]
[Black "Slobinsky, Tal"]
[Result "1-0"]
[WhiteElo "786"]
[BlackElo "584"]
[PlyCount "79"]
[EventDate "2023.07.19"]
[EventType "swiss"]
[EventRounds "7"]
[EventCountry "CAN"]

1. e4 e5 2. Nf3 Nc6 3. g3 Nf6 4. d3 Bc5 5. Bg2 Ng4 6. O-O O-O 7. h3 Nf6 8. Nc3
Bd4 9. Ne2 d5 10. c3 Bb6 11. Nd2 Be6 12. b4 d4 13. b5 Nb8 14. c4 Nbd7 15. f4 h6
16. f5 Bxf5 17. Rxf5 g6 18. Rf1 Nc5 19. Nf3 g5 20. Ba3 g4 21. Nh2 gxh3 22. Bxh3
Nfd7 23. Ng4 Kg7 24. Qd2 Rh8 25. Rad1 Qf8 26. Nh2 Qe8 27. Bb4 a5 28. Ba3 Ne6
29. Nf3 Bc5 30. Bxc5 Nexc5 31. Kg2 Nf6 32. Rh1 h5 33. Qg5+ Kf8 34. Qxf6 Kg8 35.
Qg5+ Kf8 36. Nxe5 Rd8 37. Rhf1 Rh7 38. Rf2 Ne6 39. Bxe6 Rg7 40. Qh6 1-0

[Event "CYCC U12"]
[Site "Calgary CAN"]
[Date "2023.07.22"]
[Round "7.110"]
[White "Zhong, Ryan Yunhui"]
[Black "Zhao, Jifan"]
[Result "0-1"]
[WhiteElo "2017"]
[BlackElo "2113"]
[PlyCount "114"]
[EventDate "2023.07.19"]
[EventType "swiss"]
[EventRounds "7"]
[EventCountry "CAN"]

1. e4 e6 2. d4 d5 3. Nd2 Be7 4. Ngf3 Nf6 5. Bd3 c5 6. exd5 Qxd5 7. dxc5 Nbd7 8.
O-O Nxc5 9. Bc4 Qd6 10. Qe2 O-O 11. Nb3 Nxb3 12. Bxb3 b6 13. Rd1 Qc7 14. Rd4
Bc5 15. Rh4 Bb7 16. Bf4 Qc6 17. Be3 Rad8 18. Ba4 Qd5 19. c4 Qf5 20. Ne1 Bxe3
21. Qxe3 Qa5 22. Bc2 Qd2 23. Rd1 Qxe3 24. fxe3 Rxd1 25. Bxd1 e5 26. Kf1 g5 27.
Rh3 Bc8 28. g4 h5 29. Rg3 hxg4 30. Nd3 Ne4 31. Rg2 g3 32. Bf3 Nf6 33. Nxe5 Bh3
34. hxg3 Re8 35. Nc6 g4 36. Bd5 Nxd5 37. cxd5 Rxe3 38. Kf2 Rf3+ 39. Kg1 Bxg2
40. Kxg2 Rd3 41. a4 Kf8 42. b4 a5 43. bxa5 bxa5 44. Nxa5 Rxd5 45. Nb3 Rd3 46.
Nc5 Rc3 47. Nd7+ Ke7 48. Ne5 f5 49. Kf2 Ra3 50. Nc6+ Kd6 51. Nd4 Ke5 52. Ne2
Rxa4 53. Ke3 Ra3+ 54. Kd2 Ke4 55. Kd1 Ke3 56. Nc1 Ra1 57. Kc2 Rxc1+ 0-1

[Event "CYCC U12"]
[Site "Calgary CAN"]
[Date "2023.07.22"]
[Round "7.111"]
[White "Yin, Zeming"]
[Black "Liu, Zachary"]
[Result "1/2-1/2"]
[WhiteElo "1748"]
[BlackElo "2071"]
[PlyCount "61"]
[EventDate "2023.07.19"]
[EventType "swiss"]
[EventRounds "7"]
[EventCountry "CAN"]

1. e4 c5 2. c3 d5 3. exd5 Nf6 4. Qa4+ Nbd7 5. Nf3 Nxd5 6. d4 e6 7. g3 Be7 8.
Bg2 O-O 9. O-O a6 10. c4 b5 11. cxb5 N7b6 12. Qd1 axb5 13. Nc3 Nxc3 14. bxc3
Nd5 15. Qb3 Rb8 16. c4 Nc7 17. Be3 Ba6 18. dxc5 bxc4 19. Qc2 Nd5 20. Bd4 Qc7
21. Be5 Qxc5 22. Bxb8 Rxb8 23. Rab1 Nb4 24. Qc3 Rd8 25. Ne5 Nd5 26. Qc2 Ne3 27.
fxe3 Qxe5 28. Qf2 Bf6 29. Qf4 c3 30. Qxe5 Bxe5 31. Rfd1 1/2-1/2

[Event "CYCC U12"]
[Site "Calgary CAN"]
[Date "2023.07.22"]
[Round "7.112"]
[White "Moses, Neil"]
[Black "Deshpande, Sarthak"]
[Result "1-0"]
[WhiteElo "1985"]
[BlackElo "1719"]
[PlyCount "129"]
[EventDate "2023.07.19"]
[EventType "swiss"]
[EventRounds "7"]
[EventCountry "CAN"]

1. d4 d5 2. c4 c6 3. Nd2 Nf6 4. Ngf3 e6 5. Qc2 Nbd7 6. e4 dxe4 7. Nxe4 Nxe4 8.
Qxe4 Nf6 9. Qc2 c5 10. Be3 Qc7 11. Bd3 Bd6 12. O-O h6 13. Rab1 b6 14. b4 O-O
15. bxc5 bxc5 16. dxc5 Bxc5 17. Bxc5 Qxc5 18. Rb5 Qc7 19. Rfb1 Ba6 20. R5b4 e5
21. Qa4 Bc8 22. Bf1 a5 23. Rb6 e4 24. Ne1 Ng4 25. g3 Qc5 26. Qc2 e3 27. fxe3
Qxe3+ 28. Kg2 Qxb6 29. Rxb6 Ne3+ 30. Kf3 Nxc2 31. Nxc2 Be6 32. Nd4 Rfb8 33. Rc6
Rc8 34. Ke4 Rxc6 35. Nxc6 Kf8 36. Ke5 Ra6 37. Kd6 Ke8 38. Kc7 Bd7 39. Bg2 Be6
40. Bd5 Ra8 41. Kb7 Bxd5 42. cxd5 Rd8 43. Nxd8 Kxd8 44. Kb6 Ke7 45. Kxa5 f5 46.
Kb4 g5 47. Kc5 f4 48. gxf4 gxf4 49. Kd4 Kd6 50. Ke4 f3 51. Kxf3 Kxd5 52. Kg4
Kc4 53. Kh5 Kb4 54. Kxh6 Ka3 55. Kg6 Kxa2 56. h4 Kb1 57. h5 Ka1 58. h6 Kb1 59.
h7 Ka1 60. h8=Q+ Kb1 61. Qh2 Kc1 62. Kf5 Kd1 63. Ke4 Ke1 64. Ke3 Kf1 65. Qf2#
1-0

[Event "CYCC U12"]
[Site "Calgary CAN"]
[Date "2023.07.22"]
[Round "7.113"]
[White "Jiang, William"]
[Black "Mendes, Aaron Reeve"]
[Result "0-1"]
[WhiteElo "1680"]
[BlackElo "2305"]
[PlyCount "68"]
[EventDate "2023.07.19"]
[EventType "swiss"]
[EventRounds "7"]
[EventCountry "CAN"]

1. e4 c5 2. Nf3 d6 3. Bb5+ Bd7 4. Bxd7+ Qxd7 5. O-O Nc6 6. Re1 Nf6 7. c3 e6 8.
d4 cxd4 9. cxd4 d5 10. e5 Ne4 11. Nbd2 Nxd2 12. Bxd2 Be7 13. Rc1 O-O 14. Rc3
Rfc8 15. Qe2 Bd8 16. Rec1 Bb6 17. Be3 Rc7 18. Ng5 h6 19. Qh5 Ba5 20. Rb3 Nxd4
21. Rd3 Nf5 22. g4 Nxe3 23. Rxc7 Qxc7 24. Rxe3 Bd2 25. Rf3 Bxg5 26. h4 g6 27.
Qxg5 hxg5 28. hxg5 Qxe5 29. Rb3 Rc8 30. Kg2 Qe4+ 31. Kg3 Rc1 32. f4 Rg1+ 33.
Kf2 Rg2+ 34. Kf1 Qe2# 0-1

[Event "CYCC U12"]
[Site "Calgary CAN"]
[Date "2023.07.22"]
[Round "7.114"]
[White "Gao, Justin"]
[Black "Villamar, Eros"]
[Result "1-0"]
[WhiteElo "1853"]
[BlackElo "1052"]
[PlyCount "133"]
[EventDate "2023.07.19"]
[EventType "swiss"]
[EventRounds "7"]
[EventCountry "CAN"]

1. e4 e6 2. d4 d5 3. exd5 exd5 4. Bd3 Bd6 5. h3 Nf6 6. Nf3 h6 7. Be3 c6 8. Nbd2
Be6 9. O-O Nbd7 10. c3 Qc7 11. Qc2 Nh5 12. Bf5 O-O-O 13. Bxe6 fxe6 14. c4 g5
15. c5 Bf4 16. Rfe1 Rde8 17. Bxf4 Nxf4 18. Ne5 Nxe5 19. Rxe5 Qf7 20. Re3 Ng6
21. Nf3 Qf6 22. Ne5 Nxe5 23. Rxe5 Rhf8 24. f3 Qf4 25. Qf2 Rf5 26. Rae1 Kd7 27.
b4 Rxe5 28. Rxe5 Qc1+ 29. Re1 Qc3 30. Rb1 e5 31. dxe5 Rxe5 32. Kh2 d4 33. Rb3
Qc4 34. Qg3 Ke6 35. Qg4+ Kf6 36. Qc8 Qf7 37. Qd8+ Kg6 38. Qd6+ Qf6 39. Qxd4 Rd5
40. Qe4+ Kg7 41. Re3 Rd7 42. Re2 Qf7 43. Qe5+ Kh7 44. Qe4+ Kg7 45. Qe5+ Kh7 46.
Re4 Qg6 47. Qe8 Qg7 48. a4 Rf7 49. b5 Rc7 50. bxc6 bxc6 51. Qe6 Qf8 52. Qe5 Qc8
53. Rd4 Rg7 54. Rd6 Rg6 55. Qe7+ Rg7 56. Qf6 Qc7 57. Qxh6+ Kg8 58. Qe6+ Kh8 59.
Qe8+ Kh7 60. Qe4+ Kg8 61. Qxc6 Qe7 62. Qd5+ Kh7 63. Qd3+ Kh8 64. Rd8+ Rg8 65.
Qd4+ Qg7 66. Rxg8+ Kxg8 67. Qxg7+ 1-0

[Event "CYCC U12"]
[Site "Calgary CAN"]
[Date "2023.07.22"]
[Round "7.115"]
[White "Marchand, Calix"]
[Black "Lin, Austin"]
[Result "1-0"]
[WhiteElo "2101"]
[BlackElo "1566"]
[PlyCount "137"]
[EventDate "2023.07.19"]
[EventType "swiss"]
[EventRounds "7"]
[EventCountry "CAN"]

1. e4 c6 2. d4 d5 3. e5 c5 4. dxc5 e6 5. Nf3 Bxc5 6. Bd3 h6 7. a3 Ne7 8. b4 Bb6
9. Bb2 Nd7 10. Nbd2 O-O 11. c4 Nc6 12. O-O d4 13. Qe2 Bc7 14. Qe4 f5 15. exf6
Nxf6 16. Qh4 Ne7 17. Qxd4 Qxd4 18. Bxd4 Nh5 19. Bc5 Re8 20. Rfe1 Nf4 21. Be4 a5
22. b5 e5 23. g3 Ne6 24. Bxe7 Rxe7 25. Bd5 g5 26. Nxe5 Kg7 27. Nd3 Kf8 28. Re4
Bb6 29. Rae1 Ba7 30. b6 Bxb6 31. Bxe6 Rxe6 32. Rxe6 Bxe6 33. Rxe6 Bd4 34. Rd6
Bg7 35. Rd7 b6 36. c5 bxc5 37. Nxc5 Bf6 38. Nde4 Be7 39. Nd6 Bxd6 40. Rxd6 Rc8
41. Rd8+ Rxd8 42. Ne6+ Ke7 43. Nxd8 Kxd8 44. f4 g4 45. Kf2 Ke7 46. Ke3 h5 47.
Kd4 Kf6 48. Kc5 Kf5 49. Kb5 h4 50. Kxa5 h3 51. Kb5 Ke4 52. a4 Kf3 53. a5 Kg2
54. a6 Kxh2 55. a7 Kg1 56. a8=Q h2 57. f5 h1=Q 58. Qa1+ Kg2 59. Qxh1+ Kxh1 60.
f6 Kg2 61. f7 Kxg3 62. f8=Q Kg2 63. Kc4 g3 64. Kd3 Kh1 65. Ke3 Kg1 66. Kf3 Kf1
67. Qh6 Kg1 68. Qh3 g2 69. Qxg2# 1-0

[Event "CYCC U12"]
[Site "Calgary CAN"]
[Date "2023.07.22"]
[Round "7.116"]
[White "Mok, Erwin"]
[Black "Fu, Odyssey"]
[Result "0-1"]
[WhiteElo "1694"]
[BlackElo "1537"]
[PlyCount "88"]
[EventDate "2023.07.19"]
[EventType "swiss"]
[EventRounds "7"]
[EventCountry "CAN"]

1. d4 d5 2. c4 e6 3. Nc3 Nf6 4. Bg5 Be7 5. e3 h6 6. Bh4 O-O 7. Nf3 b6 8. cxd5
Nxd5 9. Nxd5 Bxh4 10. Nxh4 Qxd5 11. Nf3 Bb7 12. Bd3 Nc6 13. O-O Rad8 14. a3 e5
15. e4 Qd6 16. d5 Ne7 17. Bc2 c6 18. dxc6 Qc7 19. Qe2 Nxc6 20. Rfd1 Nd4 21.
Nxd4 exd4 22. Rac1 Qe5 23. Rf1 Rfe8 24. Rcd1 Kh8 25. Bd3 Qf4 26. g3 Qc7 27. Rc1
Qe7 28. Rfe1 Qe6 29. f3 Re7 30. Rc2 g6 31. Qd2 Kg7 32. Bc4 Qf6 33. Qd3 Qd6 34.
Rd2 f6 35. b4 Rc8 36. Rc2 f5 37. Rce2 fxe4 38. fxe4 Qe5 39. Kg2 b5 40. Bb3 Rc3
41. Qd1 d3 42. Re3 Qd4 43. a4 Rxe4 44. Kg1 d2 0-1

[Event "CYCC U12"]
[Site "Calgary CAN"]
[Date "2023.07.22"]
[Round "7.117"]
[White "Li, Triston"]
[Black "Ha, Hoc Quan"]
[Result "1/2-1/2"]
[WhiteElo "1693"]
[BlackElo "1510"]
[PlyCount "162"]
[EventDate "2023.07.19"]
[EventType "swiss"]
[EventRounds "7"]
[EventCountry "CAN"]

1. e4 e6 2. d4 d5 3. Nc3 Nf6 4. Bg5 Be7 5. e5 Nfd7 6. h4 a6 7. Bxe7 Qxe7 8. Qg4
g6 9. f4 h5 10. Qg5 c5 11. Nf3 Nc6 12. O-O-O c4 13. Qxe7+ Kxe7 14. b3 cxb3 15.
axb3 Nb6 16. Kb2 Bd7 17. Ra1 Rac8 18. Nd1 Na7 19. Bxa6 Rc7 20. Bd3 Nc6 21. c3
Rb8 22. Nf2 Nc8 23. g4 hxg4 24. Nxg4 b5 25. b4 Nb6 26. Rhc1 Na4+ 27. Kb3 Na7
28. Rc2 Nc8 29. Be2 Ncb6 30. Ne1 Rh8 31. Ng2 Ra8 32. Rac1 Nc4 33. Ra2 Rca7 34.
Kc2 Rc7 35. Bxc4 Rxc4 36. Kb3 Rcc8 37. Ne1 Nb6 38. Rca1 Na4 39. Rc1 Nb6 40.
Rcc2 Ra4 41. Nd3 Rca8 42. Nc5 Nc4 43. Rxa4 bxa4+ 44. Ka2 Bb5 45. Ka1 a3 46. Ra2
Nb2 47. Ne3 Ra7 48. Nc2 Nc4 49. Kb1 Kf8 50. Nb3 Ba4 51. Nc5 Bb5 52. Kc1 Kg7 53.
Nb3 Kh6 54. Na5 Nxa5 55. bxa5 Rxa5 56. Rxa3 Rxa3 57. Nxa3 Ba6 58. Kd2 Kh5 59.
Nc2 Kxh4 60. Ke3 Kh5 61. Ne1 g5 62. Nf3 gxf4+ 63. Kxf4 Bd3 64. Nd2 Kg6 65. Nb3
Bc4 66. Na5 Bb5 67. Nb7 Bc6 68. Nd6 Bd7 69. c4 dxc4 70. Nxc4 Bc6 71. Nd6 Bd5
72. Nc8 Bb3 73. Ne7+ Kh6 74. Kg4 Bd1+ 75. Kf4 Bb3 76. Ng8+ Kg7 77. Nf6 Kg6 78.
Ng4 Ba2 79. Ne3 Bb3 80. Nf1 Bd5 81. Ne3 Bb3 1/2-1/2

[Event "CYCC U12"]
[Site "Calgary CAN"]
[Date "2023.07.22"]
[Round "7.119"]
[White "Lu, Aiden"]
[Black "Ajith, Aarush"]
[Result "0-1"]
[WhiteElo "1561"]
[BlackElo "1667"]
[PlyCount "92"]
[EventDate "2023.07.19"]
[EventType "swiss"]
[EventRounds "7"]
[EventCountry "CAN"]

1. e4 c5 2. Nf3 d6 3. d4 cxd4 4. Nxd4 Nf6 5. Nc3 a6 6. Be2 e5 7. Nb3 Be7 8. Be3
Be6 9. Qd2 Nbd7 10. f3 b5 11. g4 Nb6 12. Nc1 Nc4 13. Bxc4 bxc4 14. b3 d5 15.
exd5 Nxd5 16. Nxd5 Bh4+ 17. Bf2 Bxf2+ 18. Kxf2 Bxd5 19. Ne2 cxb3 20. axb3 O-O
21. Kg3 f5 22. Rhd1 f4+ 23. Kg2 Bb7 24. Qd7 Qb6 25. Qd3 e4 26. Qc4+ Kh8 27. Nd4
Rac8 28. Qe6 exf3+ 29. Kf1 Qc7 30. Qe1 Rfe8 31. Qf2 Qc3 32. Rac1 h6 33. h4 Re3
34. Nf5 Re2 35. Qd4 Qxd4 36. Nxd4 Rg2 37. g5 hxg5 38. hxg5 Rxg5 39. Ke1 Rg2 40.
Kf1 Rc5 41. Ne6 Rh5 42. Rd8+ Kh7 43. Nf8+ Kh6 44. Rd6+ g6 45. Rxg6+ Rxg6 46.
Nxg6 Kxg6 0-1